• 首页
  • 本馆介绍
  • 公告通知
  • 最新文献
  • 馆藏检索
  • 电子资源
  • 读者导购
  • 参考咨询
  • 我的图书馆
  • 登录
  • 详细信息显示
  • 放入我的书架
  • 预约/预借图书
  • 作者相关作品
  • 分类相关作品
  • 丛书相关作品
  • 出版社相关作品

书目信息

  • 表格格式
  • 工作单格式
  • 卡片格式
题名:
国家税收
    
 
作者: 周剑璧 主编
分册:  
出版信息: 北京   中国财政经济出版社  1995
页数: 517页
开本: 20cm
丛书名:
单 册:
中图分类: F812.42
科图分类: 29.72
主题词: 国家税收--中国--高等教育--教材
电子资源:
ISBN: 7-5005-2680-6
000 00709nam0 2200253 45
001 0189000745
005 20070714093947.14
010    @a7-5005-2680-6@dCNY15.60
020    @aCN@b89000745
100    @a19900806d1995 m y0chiy0120 ea
101 0  @achi
102    @aCN@b110000
105    @ay j 000yy
200 10 @a国家税收@Aguo jia shui shou@f周剑璧主编@Fzhou jian bi zhu bian
205    @a4版
210    @a北京@c中国财政经济出版社@d1995@h1996
215    @a517页@d20cm
300    @a中等财经学校教材
606    @a国家税收@y中国@x高等教育@x教材
690    @aF812.42@v1980
692    @a29.72@v1974
701  0 @a周剑璧@Azhou jian bi@4主编
801  0 @aCN@bTSSF@c20070714
905    @a10447@dF812.42@e41
    
    国家税收/周剑璧主编.-4版.-北京:中国财政经济出版社,1995(1996)
    517页;20cm
    中等财经学校教材
    
    ISBN 7-5005-2680-6:CNY15.60
    
●
相关链接 在E读中查询图书 在五车中查询图书 在当当中查询图书 在豆瓣中查询图书


正题名:国家税收     索取号:F812.42/41         预约/预借

序号 登录号 条形码 馆藏地/架位号 状态 备注
1 0767934   207679341   第一样本阅览室/ [索取号:F812.42/41] 在馆    
2 0768198   207681980   密集书库/ [索取号:F812.42/41] 在馆    
唐山师范学院图书馆 欢迎您!
大连网信软件有限公司© 版权所有